000
00243nam a22000977a 4500
999
_c
11734
_d
11734
008
200113b ||||| |||| 00| 0 eng d
020
_a
7807300399
100
_a
Mills
_9
7307
245
_a
Beauty and the Beast
260
_a
New York
_b
Scholastic
_c
2003